[Event "Treviso Master op 4th"]
[Site "Treviso"]
[Date "2023.04.01"]
[Round "3"]
[White "Vincenti, Leonardo"]
[Black "Bonade, Massimo"]
[Result "0-1"]
[WhiteElo "1939"]
[BlackElo "2089"]
[PlyCount "89"]
[EventDate "2023.03.31"]
[EventType "swiss"]
[EventRounds "5"]
[EventCountry "ITA"]
[SourceTitle "EXT 2024"]
[Source "ChessBase"]
[SourceDate "2023.10.10"]
[SourceVersion "1"]
[SourceVersionDate "2023.10.10"]
[SourceQuality "1"]

1. e4 c5 2. Nf3 d6 3. Bb5+ Nd7 4. Ba4 Ngf6 5. 0-0 a6 6. c4 g6 7. Nc3 Bg7 8. d3 0-0 9. h3 Ne5 10. Nxe5 dxe5 11. Be3 Qd6 12. Rb1 Nh5 13. b4 cxb4 14. c5 Qd8 15. Rxb4 Nf4 16. c6 b5 17. Bc2 Qd6 18. Rb1 Qxc6 19. Bxf4 Qxc3 20. Bd2 Qc7 21. Bb3 Bb7 22. Rc1 Qd7 23. Ba5 Rac8 24. Qf3 e6 25. Qe3 Rxc1 26. Rxc1 Rc8 27. Rc5 h5 28. Rxc8+ Qxc8 29. Qb6 Qd7 30. Bb4 Kh7 31. Qd6 Qxd6 32. Bxd6 Bc6 33. Kf1 a5 34. a3 Bd7 35. Ke2 Kg8 36. Kd2 Bf8 37. Bxe5 Bxa3 38. Kc3 Kf8 39. d4 Ke7 40. d5 exd5 41. exd5 Bd6 42. Bd4 Bb4+ 43. Kb2 a4 44. Ba2 Bd6 45. g3 0-1

[Event "Piacenza Region-ch"]
[Site "Piacenza"]
[Date "2023.01.14"]
[Round "2"]
[White "Bonade, Massimo"]
[Black "Decarli, Giuseppe"]
[Result "1-0"]
[WhiteElo "2077"]
[BlackElo "1607"]
[PlyCount "67"]
[EventDate "2023.01.13"]
[EventType "swiss"]
[EventRounds "5"]
[EventCountry "ITA"]
[SourceTitle "CBM 212 Extra"]
[Source "ChessBase"]
[SourceDate "2023.03.31"]
[SourceVersion "1"]
[SourceVersionDate "2023.03.31"]
[SourceQuality "1"]

1. e4 e6 2. d4 Be7 3. Nf3 d6 4. c4 Nd7 5. Nc3 a6 6. Be2 b6 7. 0-0 Bb7 8. Qc2 h5 9. b3 g5 10. Bb2 h4 11. Rad1 Nh6 12. Ne1 Rg8 13. Bc1 Rg7 14. d5 e5 15. b4 Bc8 16. Nd3 Ng8 17. Be3 Ngf6 18. c5 g4 19. cxd6 cxd6 20. Nb2 Nh5 21. Nc4 Nf4 22. a4 g3 23. fxg3 hxg3 24. Bxf4 exf4 25. Rxf4 gxh2+ 26. Kh1 Ne5 27. Rff1 Bf6 28. Ne3 Ke7 29. Nf5+ Bxf5 30. exf5 Rc8 31. Qd2 Bg5 32. f6+ Bxf6 33. Ne4 Bh4 34. Qh6 1-0

[Event "Crema op 22nd"]
[Site "Crema"]
[Date "2022.09.10"]
[Round "3"]
[White "Cucca, Francesco"]
[Black "Bonade, Massimo"]
[Result "0-1"]
[WhiteElo "1774"]
[BlackElo "2066"]
[PlyCount "64"]
[EventDate "2022.09.09"]
[EventType "swiss"]
[EventRounds "6"]
[EventCountry "ITA"]
[SourceTitle "CBM 210 Extra"]
[Source "ChessBase"]
[SourceDate "2022.11.30"]
[SourceVersion "1"]
[SourceVersionDate "2022.11.30"]
[SourceQuality "1"]

1. c4 Nf6 2. g3 g6 3. Bg2 Bg7 4. Nc3 0-0 5. d3 e5 6. e4 d6 7. Nge2 Nc6 8. h3 Be6 9. 0-0 Qd7 10. Kh2 Ne8 11. Be3 f5 12. exf5 gxf5 13. f4 Nf6 14. b3 Rae8 15. Qd2 Bf7 16. Rac1 Kh8 17. Bg1 Bh6 18. d4 e4 19. d5 Ne7 20. Bd4 Bg7 21. g4 fxg4 22. Nxe4 Nxe4 23. Bxg7+ Kxg7 24. Bxe4 Bg6 25. Qb2+ Kg8 26. Ng3 Nf5 27. Bxf5 Bxf5 28. Nxf5 Qxf5 29. hxg4 Qd3 30. Qg2 Re2 31. Rf2 Rfe8 32. Rc2 Qxc2 0-1

[Event "Verona-chT Serie B/5 51st"]
[Site "Verona"]
[Date "2019.03.17"]
[Round "4.2"]
[White "Bonade, Massimo"]
[Black "Rigamonti, Stefano"]
[Result "1-0"]
[WhiteElo "2145"]
[BlackElo "2090"]
[PlyCount "83"]
[EventDate "2019.03.15"]
[EventType "team-tourn"]
[EventRounds "5"]
[EventCountry "ITA"]
[SourceTitle "EXT 2022"]
[Source "ChessBase"]
[SourceDate "2021.10.06"]
[SourceVersion "1"]
[SourceVersionDate "2021.10.06"]
[SourceQuality "1"]
[WhiteTeam "Piacenza CC"]
[BlackTeam "Bergamo"]
[WhiteTeamCountry "ITA"]
[BlackTeamCountry "ITA"]

1. e4 e5 2. Nc3 Nc6 3. Bc4 Nf6 4. d3 Bb4 5. Nge2 Na5 6. 0-0 Nxc4 7. dxc4 c6 8. Qd3 d6 9. a3 Ba5 10. Rd1 0-0 11. b3 Ne8 12. Ng3 Qh4 13. b4 Bb6 14. Na4 f5 15. Nxb6 fxe4 16. Qxe4 Qxe4 17. Nxe4 axb6 18. Nxd6 Be6 19. Be3 Nxd6 20. Rxd6 Bxc4 21. Bxb6 Rf6 22. Rd2 h6 23. a4 Rg6 24. a5 Rf8 25. Bc5 Rf3 26. Rd8+ Kh7 27. Rd7 Ba6 28. Re1 Rc3 29. Rxe5 Rxc2 30. h3 Rc1+ 31. Kh2 Bf1 32. g4 Rc3 33. Re3 Rc2 34. Rf3 h5 35. Rf4 hxg4 36. Rxg4 Bxh3 37. Rh4+ Kg8 38. Rxh3 Rc1 39. Rd8+ Kf7 40. Rf3+ Ke6 41. Rd6+ Ke5 42. Rxg6 1-0

[Event "Staufer op 31st"]
[Site "Schwaebisch Gmuend"]
[Date "2019.01.02"]
[Round "1"]
[White "Bonade, Massimo"]
[Black "Baskin, Robert"]
[Result "0-1"]
[WhiteElo "2137"]
[BlackElo "2364"]
[PlyCount "78"]
[EventDate "2019.01.02"]
[EventType "swiss"]
[EventRounds "9"]
[EventCountry "GER"]
[SourceTitle "CBM 188 Extra"]
[Source "ChessBase"]
[SourceDate "2019.02.26"]
[SourceVersion "1"]
[SourceVersionDate "2019.02.26"]
[SourceQuality "1"]

1. e4 c5 2. Nf3 d6 3. d4 cxd4 4. Nxd4 Nf6 5. Nc3 a6 6. Be3 e5 7. Nb3 Be6 8. Qd2 Nbd7 9. f3 h5 10. 0-0-0 Rc8 11. Kb1 Qc7 12. Nd5 Bxd5 13. exd5 g6 14. h4 Bg7 15. Bg5 0-0 16. g4 e4 17. gxh5 Nxh5 18. Bh3 Ne5 19. Bxc8 Nxf3 20. Qb4 Rxc8 21. c3 f5 22. Nd4 a5 23. Qb5 Nxd4 24. cxd4 Qc2+ 25. Ka1 f4 26. a3 e3 27. Rc1 Qxc1+ 28. Rxc1 Rxc1+ 29. Ka2 Rg1 30. Qe8+ Kh7 31. Qe7 Rxg5 32. hxg5 Ng3 33. Qxd6 e2 34. Qe7 f3 35. Qe3 Bxd4 36. Qe7+ Bg7 37. Qe3 Nf5 38. Qf2 Be5 39. Qg1 Bg3 0-1

[Event "Kaltern Trophy-A 2nd"]
[Site "Kaltern"]
[Date "2017.10.28"]
[Round "2"]
[White "Comai, Samuele"]
[Black "Bonade, Massimo"]
[Result "1/2-1/2"]
[WhiteElo "1890"]
[BlackElo "2125"]
[PlyCount "49"]
[EventDate "2017.10.27"]
[EventType "swiss"]
[EventRounds "5"]
[EventCountry "ITA"]
[SourceTitle "CBM 181 Extra"]
[Source "ChessBase"]
[SourceDate "2017.12.12"]
[SourceVersion "1"]
[SourceVersionDate "2017.12.12"]
[SourceQuality "1"]

1. d4 d5 2. c4 e6 3. Nc3 Bb4 4. Qa4+ Nc6 5. e3 Nf6 6. Nf3 0-0 7. Bd2 dxc4 8. Bxc4 Bd6 9. 0-0-0 Bd7 10. Qc2 a6 11. e4 b5 12. Bf1 Be7 13. e5 Nb4 14. Qb1 Nfd5 15. Nxd5 Nxd5 16. Qe4 f5 17. exf6 Nxf6 18. Qe3 c5 19. Bd3 Rc8 20. Kb1 c4 21. Bc2 b4 22. b3 c3 23. Bc1 e5 24. Nxe5 Bb5 25. g4 1/2-1/2

[Event "Kaltern Trophy-A 2nd"]
[Site "Kaltern"]
[Date "2017.10.27"]
[Round "1"]
[White "Bonade, Massimo"]
[Black "Rubini, Alessandro"]
[Result "1/2-1/2"]
[WhiteElo "2125"]
[BlackElo "1946"]
[PlyCount "71"]
[EventDate "2017.10.27"]
[EventType "swiss"]
[EventRounds "5"]
[EventCountry "ITA"]
[SourceTitle "CBM 181 Extra"]
[Source "ChessBase"]
[SourceDate "2017.12.12"]
[SourceVersion "1"]
[SourceVersionDate "2017.12.12"]
[SourceQuality "1"]

1. e4 Nc6 2. Nc3 e5 3. Bc4 Nf6 4. d3 Bc5 5. f4 exf4 6. Bxf4 d6 7. Nf3 Bg4 8. Na4 Bd4 9. Qd2 Bxf3 10. gxf3 Nh5 11. 0-0-0 Nxf4 12. Qxf4 Qe7 13. Nc3 Bxc3 14. bxc3 Na5 15. Bb3 Nxb3+ 16. cxb3 Qe5 17. Qd2 0-0-0 18. d4 Qh5 19. Qf4 f6 20. Rhg1 Rd7 21. Rg2 Qf7 22. Kb2 Rf8 23. Re1 a6 24. Qh4 g6 25. Rge2 Kb8 26. f4 Re7 27. e5 dxe5 28. dxe5 fxe5 29. fxe5 Rfe8 30. Qd4 Re6 31. Qc5 Qf5 32. Qd4 Qg5 33. a4 Qe7 34. a5 Rd8 35. Qe4 Qc5 36. b4 1/2-1/2